[Event "Lardenne op 2th"]
[Site "Toulouse"]
[Date "2014.05.18"]
[Round "1.1"]
[White "Alashtar, A."]
[Black "Mohtaji, Javad"]
[Result "1-0"]
[WhiteElo "2111"]
[BlackElo "1873"]
[Annotator "CHARRUYER,Baptiste"]
[PlyCount "63"]
[EventDate "2014.??.??"]

{509MB} 1. e4 c5 2. Nc3 e6 3. g3 Nc6 4. Bg2 Nf6 5. f4 d6 6. Nf3 Be7 7. O-O a6
8. d3 O-O 9. h3 Qc7 10. g4 Rb8 11. Ne2 c4 12. Be3 b5 13. Ng3 d5 14. e5 Nd7 15.
d4 f6 16. Qe1 fxe5 17. fxe5 Nb6 18. g5 g6 19. Nh2 Bd7 20. Ng4 Nb4 21. Qe2 c3
22. b3 a5 23. Nf6+ Bxf6 24. gxf6 Nc6 25. Qg4 Nd8 26. Bh6 Nf7 27. Bxf8 Rxf8 28.
Ne2 Nh6 29. Qg5 Nf5 30. Rxf5 exf5 31. Nf4 Qc6 32. Nxg6 1-0

[Event "Lardenne op 2th"]
[Site "Toulouse"]
[Date "2014.05.18"]
[Round "1.2"]
[White "Grimault, Nathan"]
[Black "Woloszyn, Florent"]
[Result "0-1"]
[WhiteElo "1841"]
[BlackElo "2081"]
[PlyCount "48"]
[EventDate "2014.??.??"]

{509MB} 1. c4 {[%emt 0:00:07]} Nf6 {[%emt 0:00:02]} 2. Nc3 g6 3. d4 Bg7 4. Nf3
O-O 5. Bf4 d6 6. Qd2 Re8 7. h3 b6 8. e4 Bb7 9. Bd3 c5 10. O-O cxd4 11. Nxd4 e5
12. Bh6 exd4 13. Bxg7 Kxg7 14. Nb5 Nc6 15. f4 a6 16. Na3 Nxe4 17. Bxe4 Rxe4 18.
f5 Qh4 19. c5 b5 20. cxd6 Rd8 21. fxg6 hxg6 22. Nc2 Rxd6 23. Ne1 Ne5 24. Rc1
Qe7 0-1

[Event "Lardenne op 2th"]
[Site "Toulouse"]
[Date "2014.05.18"]
[Round "1.3"]
[White "Marty, Brice"]
[Black "Estadieu, Romeo"]
[Result "1-0"]
[WhiteElo "2080"]
[BlackElo "1826"]
[PlyCount "81"]
[EventDate "2014.??.??"]

{509MB} 1. d4 Nf6 2. c4 g6 3. Nc3 Bg7 4. e4 d6 5. Nf3 O-O 6. Be2 e5 7. dxe5
dxe5 8. Qxd8 Rxd8 9. Bg5 Re8 10. O-O-O c6 11. Nxe5 Rxe5 12. Rd8+ Re8 13. Bxf6
Rxd8 14. Bxd8 Be6 15. Bg5 Bxc3 16. bxc3 Nd7 17. f4 Nb6 18. g4 Bxc4 19. Bxc4
Nxc4 20. e5 Ne3 21. h3 Nd5 22. Kc2 f6 23. Bxf6 Nxf4 24. c4 Rf8 25. h4 b5 26.
Kc3 a5 27. a3 Ne2+ 28. Kd3 Nf4+ 29. Ke4 Ne6 30. cxb5 cxb5 31. h5 gxh5 32. gxh5
Rc8 33. Rd1 Rc7 34. Rd5 Nc5+ 35. Kf5 b4 36. axb4 axb4 37. Rd8+ Kf7 38. Rh8 b3
39. Rxh7+ Ke8 40. Rxc7 b2 41. Rc8+ 1-0

[Event "Lardenne op 2th"]
[Site "?"]
[Date "2014.05.18"]
[Round "1.4"]
[White "Perez Romero, Pedro"]
[Black "Cesbron, Guy"]
[Result "1/2-1/2"]
[WhiteElo "1823"]
[BlackElo "2042"]
[Annotator "CHARRUYER Baptiste"]
[PlyCount "108"]
[EventDate "2014.??.??"]

{509MB, Fritz 14.ctg} 1. e4 e6 2. d4 d5 3. Nc3 Nc6 4. Nf3 Nf6 5. Bd3 Bb4 6. Bg5
dxe4 7. Bxe4 Qd6 8. Qd3 Nxe4 9. Qxe4 Ne7 10. O-O Bxc3 11. Bxe7 Qxe7 12. bxc3
O-O 13. Ne5 Qd6 14. f4 Qd5 15. Qd3 f6 16. c4 Qd8 17. Nf3 Qd6 18. Nd2 Bd7 19.
Ne4 Qe7 20. Nc5 b6 21. Nxd7 Qxd7 22. Rfe1 Rad8 23. Rad1 Qd6 24. Re4 c5 25. d5
exd5 26. cxd5 f5 27. Re5 Rd7 28. Rde1 Qf6 29. c4 h6 30. Qe3 a6 31. a4 Rd6 32.
Re7 Rc8 33. Qe5 Rb8 34. Re3 b5 35. Rg3 g6 36. axb5 axb5 37. cxb5 Rxb5 38. Re6
$4 (38. Rxg6+ Qxg6 39. Re8+ Qxe8 40. Qxe8+ Kg7 41. Qxb5) 38... Rb1+ 39. Kf2
Rb2+ 40. Ke1 Qxe5+ 41. fxe5 Rxd5 42. Rexg6+ Kf7 43. Rf6+ Ke7 44. Rg7+ Ke8 45.
Rxh6 Rxe5+ 46. Kf1 Re7 47. Rxe7+ Kxe7 48. Rc6 Rc2 49. h4 Kf7 50. Kg1 c4 51. Kh2
c3 52. Kg3 Kg7 53. Kf3 Rc1 54. g3 c2 1/2-1/2

[Event "Lardenne op 2th"]
[Site "?"]
[Date "2014.05.18"]
[Round "1.5"]
[White "Bartels, Sven"]
[Black "Boutillon, Nathanael"]
[Result "0-1"]
[WhiteElo "2039"]
[BlackElo "1774"]
[PlyCount "52"]
[EventDate "2014.??.??"]

{509MB, Fritz 14.ctg} 1. Nc3 d5 2. e4 d4 3. Nce2 e5 4. Ng3 Nf6 5. Bc4 Bd6 6.
Nf3 Qe7 7. O-O h5 8. d3 h4 9. Nf5 Bxf5 10. exf5 h3 11. g3 Nbd7 12. Ng5 O-O-O
13. Nxf7 e4 14. Nxd8 Kxd8 15. f4 e3 16. Qf3 c6 17. c3 Bc5 18. Re1 Re8 19. Be6
Nf8 20. cxd4 Nxe6 21. dxc5 Nd4 22. Qd1 e2 23. Qa4 Qxc5 24. Be3 Nf3+ 25. Kh1
Qxe3 26. Rac1 Nxe1 0-1

[Event "Lardenne op 2th"]
[Site "?"]
[Date "2014.05.18"]
[Round "1.6"]
[White "Abdelmoumen, Oussama"]
[Black "Dupouy, Francois"]
[Result "1-0"]
[WhiteElo "1768"]
[BlackElo "2028"]
[PlyCount "181"]
[EventDate "2014.??.??"]

{509MB, Fritz 14.ctg} 1. e4 c5 2. c3 Nf6 3. e5 Nd5 4. d4 cxd4 5. cxd4 b6 6. Nf3
e6 7. Bd3 Bb7 8. a3 Be7 9. O-O d6 10. Nbd2 dxe5 11. Nxe5 Nc6 12. Qg4 Bf6 13.
Re1 Qc7 14. Ndf3 Rd8 15. Bd2 Nde7 16. Bf4 Nxe5 17. dxe5 h5 18. exf6 hxg4 19.
Bb5+ Qc6 20. Bxc6+ Nxc6 21. fxg7 Rg8 22. Ne5 Rxg7 23. Nxc6 Bxc6 24. Rac1 Bb7
25. Rc7 Rd7 26. Rxd7 Kxd7 27. Rd1+ Bd5 28. Rc1 Bc6 29. Rd1+ Kc8 30. Be5 Rg5 31.
Bf6 Rf5 32. Bc3 Rc5 33. Rd4 f5 34. h3 gxh3 35. gxh3 e5 36. Rd6 Kc7 37. Rf6 f4
38. Re6 e4 39. Be5+ Kd7 40. Rd6+ Ke7 41. Bxf4 Bd7 42. Rh6 Rc2 43. Bd6+ Kf7 44.
Be5 Bb5 45. Bc3 Be2 46. Rh7+ Ke6 47. Rxa7 Bf3 48. Rb7 Kd5 49. Rxb6 Kc4 50. Rd6
Rc1+ 51. Kh2 Rh1+ 52. Kg3 Kb3 53. Ra6 Kc2 54. Rd6 Kb3 55. Bf6 Rg1+ 56. Kf4 Re1
57. h4 Re2 58. Bd4 Re1 59. Rb6+ Kc4 60. Be3 Rh1 61. Kg5 Rg1+ 62. Kf5 Rh1 63.
Rb4+ Kd3 64. Rd4+ Kc2 65. Rd2+ Kb3 66. Bg5 Re1 67. Kg6 Rh1 68. Bf6 Rh2 69. Kg5
Rh1 70. Kf4 Re1 71. Rd6 Re2 72. Kg3 Re1 73. Rb6+ Kc4 74. a4 Rg1+ 75. Kf4 Kd3
76. b4 Rg4+ 77. Kf5 Ke2 78. Bd4 Rxh4 79. a5 Kd3 80. a6 Kxd4 81. a7 e3 82. fxe3+
Kxe3 83. Ke5 Rh1 84. b5 Rh5+ 85. Kd6 Rh6+ 86. Kc5 Rh7 87. Ra6 Rh8 88. Ra3+ Kf4
89. Rxf3+ Kxf3 90. b6 Ke4 91. b7 1-0

[Event "Lardenne op 2th"]
[Site "?"]
[Date "2014.05.18"]
[Round "1.7"]
[White "Marchadour, Emilie"]
[Black "Saunders, Mark"]
[Result "1-0"]
[WhiteElo "2017"]
[BlackElo "1759"]
[PlyCount "57"]
[EventDate "2014.??.??"]

{509MB, Fritz 14.ctg} 1. e4 e6 2. d4 d5 3. Nc3 Bb4 4. e5 c5 5. a3 Bxc3+ 6. bxc3
Ne7 7. Qg4 Qa5 8. Bd2 Qb6 9. Qxg7 Rg8 10. Qxh7 cxd4 11. Nf3 Nbc6 12. cxd4 Qb2
13. Rc1 Nxd4 14. Ng5 Rf8 15. Qd3 Ndc6 16. f4 Bd7 17. Nh7 Nxe5 18. fxe5 Qxe5+
19. Qe3 Qxe3+ 20. Bxe3 Rh8 21. Nf6+ Kd8 22. Nxd7 Kxd7 23. Rb1 b6 24. Bb5+ Kd6
25. Bd2 e5 26. O-O Ke6 27. Bg5 Ng8 28. c4 d4 29. Bc6 1-0

[Event "Lardenne op 2th"]
[Site "Toulouse"]
[Date "2014.05.17"]
[Round "1.8"]
[White "Nassar, Christophe"]
[Black "Lagarde, Dimitri"]
[Result "1/2-1/2"]
[WhiteElo "1753"]
[BlackElo "1955"]
[Annotator "Nassar"]
[PlyCount "95"]
[EventDate "2014.??.??"]

1. e4 c5 2. Nf3 e6 3. d4 cxd4 4. Nxd4 Nc6 5. g3 a6 6. Bg2 Nf6 7. O-O d5 8. exd5
exd5 9. Bg5 Be7 10. Bxf6 Bxf6 11. Re1+ Be7 12. Nc3 O-O 13. Nxd5 Bc5 14. Nb3 Ba7
15. Qe2 Be6 16. Rad1 Re8 17. Nb4 Qf6 18. Nxc6 bxc6 19. c3 (19. Bxc6) 19... Kf8
20. Qf3 Rad8 21. Qxf6 gxf6 22. Bxc6 Bxb3 23. Rxe8+ Rxe8 24. axb3 Re2 25. Rd7
Bxf2+ 26. Kf1 Rxb2 27. Bd5 Kg7 28. Bxf7 Be3 29. h3 Rf2+ 30. Ke1 Rh2 31. c4 Bf2+
32. Kd1 Bxg3 33. c5 f5 34. Bc4+ Kg6 35. c6 Rxh3 36. Bxa6 Be5 37. Bd3 h5 38. b4
h4 39. Bf1 Rh1 40. Ke2 h3 41. c7 Bxc7 42. Rxc7 h2 43. Bg2 Rb1 44. Rb7 h1=Q 45.
Bxh1 Rxh1 46. b5 Rb1 47. b6 Kf6 48. Kf3 1/2-1/2

[Event "Lardenne op 2th"]
[Site "?"]
[Date "2014.05.18"]
[Round "1.9"]
[White "Laurain, Dominique"]
[Black "Schegerin, André"]
[Result "1-0"]
[WhiteElo "1938"]
[BlackElo "1745"]
[PlyCount "75"]
[EventDate "2014.??.??"]

{509MB, Fritz 14.ctg} 1. d4 f5 2. g3 Nf6 3. Bg2 g6 4. c4 Bg7 5. Nc3 d6 6. Nf3
O-O 7. O-O c6 8. Rb1 Ne4 9. Qb3 Na6 10. Rd1 h6 11. Nxe4 fxe4 12. Nh4 Bf5 13.
Nxf5 gxf5 14. Qxb7 Nc7 15. Qxc6 a5 16. d5 Na6 17. Be3 Nb4 18. Qa4 Qc7 19. a3
Na6 20. Qc2 Rac8 21. Rdc1 Qd7 22. Qd2 Nc5 23. b4 axb4 24. axb4 Nb7 25. Bxh6
Bxh6 26. Qxh6 Rf6 27. Qg5+ Kf7 28. Ra1 Rg8 29. Qe3 f4 30. Qxe4 fxg3 31. fxg3
Nd8 32. Rf1 Rgg6 33. Qe3 Rg7 34. Rxf6+ exf6 35. Ra7 Nb7 36. Qe6+ Qxe6 37. dxe6+
Kxe6 38. Rxb7 1-0

[Event "Lardenne op 2th"]
[Site "?"]
[Date "2014.05.18"]
[Round "1.10"]
[White "Tourenne, Dominique"]
[Black "Abdelmoumen, Hatim"]
[Result "1/2-1/2"]
[WhiteElo "1736"]
[BlackElo "1935"]
[PlyCount "107"]
[EventDate "2014.??.??"]

{509MB, Fritz 14.ctg} 1. d4 f5 2. Nf3 Nf6 3. c4 e6 4. g3 d5 5. Bg2 c6 6. b3 Bd6
7. O-O Qe7 8. Bb2 O-O 9. e3 b6 10. Nc3 Ba6 11. Ne5 Bxe5 12. dxe5 Ng4 13. Re1
dxc4 14. Qd6 Qxd6 15. exd6 Nf6 16. e4 Rd8 17. exf5 exf5 18. Rad1 cxb3 19. axb3
Bb7 20. Nb5 Nbd7 21. Nc7 Rac8 22. Ne6 Re8 23. Bxf6 gxf6 24. Nd4 Kf7 25. Nxf5
Rxe1+ 26. Rxe1 Re8 27. Re7+ Rxe7 28. dxe7 Ba8 29. Nd4 c5 30. Bxa8 cxd4 31. Be4
h6 32. Kf1 Kxe7 33. Ke2 Kd6 34. b4 a5 35. bxa5 bxa5 36. Bc2 Kc5 37. f4 Kc4 38.
Kd2 Nc5 39. Bh7 Kb3 40. g4 Kb2 41. h4 a4 42. g5 fxg5 43. fxg5 hxg5 44. hxg5 a3
45. Bg8 Ne4+ 46. Kd3 Nxg5 47. Kxd4 Nf3+ 48. Kc5 Kc3 49. Kb5 Nd4+ 50. Ka4 Kb2
51. Bf7 Ne2 52. Bg8 Nc1 53. Bf7 Ne2 54. Bg8 1/2-1/2

[Event "Lardenne op 2th"]
[Site "?"]
[Date "2014.05.18"]
[Round "1.11"]
[White "Pantioukhine, Slava"]
[Black "Montelle, Thomas"]
[Result "0-1"]
[WhiteElo "1930"]
[BlackElo "1733"]
[PlyCount "72"]
[EventDate "2014.??.??"]

{509MB, Fritz 14.ctg} 1. e4 e5 2. Nf3 Nc6 3. d4 exd4 4. Nxd4 Bc5 5. Nxc6 Qf6 6.
Qf3 dxc6 7. Nc3 Qxf3 8. gxf3 Be6 9. h4 h5 10. Na4 Bd4 11. c3 Bf6 12. Nc5 Bc8
13. Bf4 Bd8 14. O-O-O Ne7 15. Be5 O-O 16. Bh3 Bxh3 17. Rxh3 Ng6 18. Bg3 b6 19.
Na6 Rc8 20. Rd7 f5 21. Bxc7 Bxh4 22. exf5 Rxf5 23. Bg3 Bg5+ 24. Kc2 h4 25. Bh2
Re8 26. Nb4 Re2+ 27. Kb3 Rxf2 28. Nxc6 R2xf3 29. Rxf3 Rxf3 30. Rxa7 Bf4 31.
Bxf4 Nxf4 32. Ne5 Rg3 33. Rf7 g5 34. Rf6 h3 35. Rxb6 h2 36. Rh6 Nh3 0-1

[Event "Lardenne op 2th"]
[Site "?"]
[Date "2014.05.18"]
[Round "1.12"]
[White "Gipouloux, Laurent"]
[Black "Grand, Philippe"]
[Result "1-0"]
[WhiteElo "1690"]
[BlackElo "1915"]
[PlyCount "45"]
[EventDate "2014.??.??"]

{509MB, Fritz 14.ctg} 1. e4 e6 2. Qe2 c5 3. g3 Nc6 4. c3 g6 5. Nf3 Bg7 6. Bg2
e5 7. d3 Nge7 8. Nbd2 O-O 9. Nf1 d5 10. exd5 Nxd5 11. Ne3 Rb8 12. O-O h6 13.
Nxd5 Qxd5 14. Nd2 Qd7 15. Ne4 b6 16. Bxh6 Ba6 17. Bxg7 Kxg7 18. Qf3 Rbc8 19.
Qf6+ Kg8 20. Qg5 Qe6 21. Nf6+ Kg7 22. Nh5+ Kh8 23. Qh6+ 1-0

[Event "Lardenne op 2th"]
[Site "?"]
[Date "2014.05.18"]
[Round "1.13"]
[White "Grezels, Florian"]
[Black "Parpinel, Mario"]
[Result "1/2-1/2"]
[WhiteElo "1900"]
[BlackElo "1669"]
[PlyCount "75"]
[EventDate "2014.??.??"]

{509MB, Fritz 14.ctg} 1. e4 d6 2. d4 Nf6 3. Nc3 e5 4. Nf3 Nbd7 5. g4 h6 6. h3
c6 7. Bg2 Be7 8. O-O O-O 9. Be3 Nh7 10. Nh2 Nb6 11. Ne2 Nc4 12. Bc1 Bg5 13. f4
exf4 14. Nxf4 Qb6 15. b3 Bf6 16. c3 Ne5 17. Be3 Ng6 18. Nxg6 fxg6 19. Nf3 Be6
20. Qd2 Qc7 21. Rae1 Rae8 22. Bf4 Qd8 23. e5 dxe5 24. Nxe5 g5 25. Bg3 Bd5 26.
Re3 Bxe5 27. Rxf8+ Nxf8 28. Rxe5 Bxg2 29. Qxg2 Ng6 30. Rxe8+ Qxe8 31. Qf2 Qe4
32. Qe1 Qf3 33. Kh2 Nf4 34. Bxf4 gxf4 35. Qe6+ Kh8 36. Qc8+ Kh7 37. Qf5+ Kg8
38. Qe6+ 1/2-1/2

[Event "Lardenne op 2th"]
[Site "?"]
[Date "2014.05.18"]
[Round "1.14"]
[White "Apap, Titouan"]
[Black "Moreau, Emilien"]
[Result "1/2-1/2"]
[WhiteElo "1661"]
[BlackElo "1885"]
[PlyCount "60"]
[EventDate "2014.??.??"]

{509MB, Fritz 14.ctg} 1. d4 Nf6 2. c4 Nc6 3. d5 Ne5 4. e4 e6 5. f4 Nxe4 6. fxe5
Qh4+ 7. g3 Nxg3 8. hxg3 Qxh1 9. Nf3 d6 10. Nc3 dxe5 11. Nxe5 Bb4 $4 12. Qa4+ c6
13. Qxb4 exd5 14. cxd5 Bh3 15. Qf4 (15. Qc4 O-O 16. Bf4 f6) 15... O-O 16. Be3
Qxf1+ 17. Qxf1 Bxf1 18. Kxf1 Rfe8 (18... Rae8) 19. dxc6 Rxe5 20. cxb7 Rb8 21.
Bf4 Rf5 22. Ne4 $2 (22. Rd1 Kf8 23. Rd7) 22... Rxb7 23. Nd6 Rxf4+ (23... Rh5
24. Kg2 Rxb2+) 24. gxf4 Rxb2 25. Re1 h6 26. Re8+ Kh7 27. Re2 (27. Ra8) 27...
Rxe2 28. Kxe2 Kg6 29. f5+ Kg5 30. Kf3 h5 1/2-1/2

[Event "Lardenne op 2th"]
[Site "?"]
[Date "2014.05.18"]
[Round "1.15"]
[White "Jarlaud, Levi"]
[Black "Granados, Anthony"]
[Result "1-0"]
[WhiteElo "1873"]
[BlackElo "1647"]
[PlyCount "47"]
[EventDate "2014.??.??"]

{509MB, Fritz 14.ctg} 1. d4 Nf6 2. c4 e6 3. Nc3 Bb4 4. e3 O-O 5. Bd3 d5 6. cxd5
Nxd5 7. Nge2 Nd7 8. O-O c5 9. a3 Nxc3 10. Nxc3 Bxc3 11. bxc3 b6 12. Qf3 Rb8 13.
Qg3 Nf6 14. Qxb8 Qd5 15. Qg3 Bb7 16. f3 cxd4 17. exd4 Rc8 18. Bd2 Qa5 19. Rfe1
Qa4 20. Bg5 Nd5 21. c4 Ba6 22. Qh4 g6 23. cxd5 Bxd3 24. Bf6 1-0

[Event "Lardenne op 2th"]
[Site "?"]
[Date "2014.05.18"]
[Round "1.16"]
[White "Guerzeder, Thomas"]
[Black "Mosset-Cancel, Yohann"]
[Result "1-0"]
[WhiteElo "1642"]
[BlackElo "1638"]
[PlyCount "29"]
[EventDate "2014.??.??"]

{509MB, Fritz 14.ctg} 1. d4 Nf6 2. Nf3 e6 3. g3 d5 4. c4 c5 5. Bg2 Nc6 6. O-O
Be7 7. Nc3 dxc4 8. Qa4 O-O 9. dxc5 Bxc5 10. Qxc4 Qe7 11. Bg5 Bd6 12. Ne4 Ne5
13. Qd4 Nxf3+ 14. Bxf3 Bc7 15. Nxf6+ 1-0

[Event "Lardenne op 2th"]
[Site "?"]
[Date "2014.05.18"]
[Round "1.17"]
[White "Jackson, Thomas"]
[Black "Lagarde, Adeline"]
[Result "1-0"]
[WhiteElo "1636"]
[BlackElo "1468"]
[PlyCount "111"]
[EventDate "2014.??.??"]

{509MB, Fritz 14.ctg} 1. d4 d5 2. Bg5 Bf5 3. Nf3 h6 4. Bh4 Nd7 5. e3 Ngf6 6. c4
c6 7. Nc3 e6 8. Bd3 Bg4 9. h3 Bh5 10. g4 Bg6 11. Bxg6 fxg6 12. cxd5 exd5 13.
Qd3 g5 14. Qg6+ Ke7 15. Bg3 Qb6 16. Qc2 Re8 17. O-O Kd8 18. a3 Be7 19. b4 h5
20. Nxg5 Kc8 21. Nf7 Rhf8 22. Nd6+ Bxd6 23. Bxd6 Rh8 24. g5 Ne4 25. Nxe4 Rxe4
26. Bf4 h4 27. Kh2 Nf8 28. Be5 Ng6 29. f3 Rxe5 30. dxe5 Nxe5 31. Qf5+ Nd7 32.
Qf4 Rf8 33. Qd4 Qc7+ 34. f4 Nb6 35. Rac1 a6 36. Kg2 Kb8 37. Rfd1 Re8 38. Rd3
Nc4 39. Rxc4 dxc4 40. Qxc4 Qb6 41. Kf3 Rc8 42. Qc5 Ka7 43. Kg4 Qxc5 44. bxc5
Rh8 45. e4 b6 46. Rd7+ Kb8 47. cxb6 g6 48. f5 gxf5+ 49. exf5 c5 50. f6 c4 51.
Rc7 c3 52. Rxc3 Kb7 53. Rb3 Rg8 54. f7 Rf8 55. g6 a5 56. g7 1-0

[Event "Lardenne op 2th"]
[Site "?"]
[Date "2014.05.18"]
[Round "1.18"]
[White "La Spina, Romeo"]
[Black "Jackson, Edgar"]
[Result "1/2-1/2"]
[WhiteElo "1456"]
[BlackElo "1632"]
[PlyCount "93"]
[EventDate "2014.??.??"]

{509MB, Fritz 14.ctg} 1. d4 Nf6 2. Bf4 e6 3. Nf3 b6 4. c4 Bb7 5. Nc3 Bb4 6. a3
Bxc3+ 7. bxc3 O-O 8. h3 d6 9. e3 Nbd7 10. Be2 Ne4 11. Qc2 Qe7 12. Bd3 f5 13.
O-O g5 14. Bh2 Rf7 15. Nd2 Nxd2 16. Qxd2 Nf6 17. f4 g4 18. h4 Ne4 19. Bxe4 Bxe4
20. Bg3 Qe8 21. d5 c6 22. dxe6 Qxe6 23. Qe2 Rd8 24. Rfd1 Rfd7 25. Rd2 b5 26.
cxb5 Qb3 27. c4 cxb5 28. cxb5 Rb7 29. a4 Rc7 30. Rd4 Rc2 31. Rd2 Rc3 32. Bf2 g3
33. Bxg3 Rxe3 34. Rb2 Qc3 35. Be1 Qc5 36. Qf2 Re8 37. Bd2 Rd3 38. Qxc5 dxc5 39.
Rc1 Red8 40. Ba5 R8d5 41. b6 axb6 42. Bxb6 Rd2 43. Rxd2 Rxd2 44. Bxc5 Rxg2+ 45.
Kf1 Rg4 46. Bf2 Rxf4 47. a5 1/2-1/2

[Event "Lardenne op 2th"]
[Site "Toulouse"]
[Date "2014.05.18"]
[Round "1.19"]
[White "Charruyer, Baptiste"]
[Black "Estadieu, Bruno"]
[Result "1-0"]
[WhiteElo "1630"]
[BlackElo "1429"]
[Annotator "CHARRUYER,Baptiste"]
[PlyCount "63"]
[EventDate "2014.??.??"]

1. d4 Nf6 2. Nf3 h6 3. Bf4 d6 4. e3 a6 5. h3 Bf5 6. Bd3 Be6 7. c4 Bd7 8. Nc3 b5
9. cxb5 axb5 10. Bxb5 Bxb5 11. Nxb5 c6 12. Nc3 Qa5 13. O-O e6 14. Qb3 Be7 15.
Qb7 Nbd7 16. Qxc6 O-O 17. Qb5 Rfb8 18. Qxa5 Rxa5 19. Rab1 g5 20. Bh2 g4 21.
hxg4 Nxg4 22. g3 Rc8 23. Rfc1 Rf5 24. Kg2 d5 25. Nd1 (25. Nxd5 Rxc1 26. Nxe7+
Kf8 27. Rxc1 Kxe7 28. a4) 25... Rxc1 26. Rxc1 Nb6 27. Rc7 Bf6 28. b3 Kg7 29. a4
e5 30. a5 e4 31. Nd2 Bd8 32. axb6 1-0

[Event "Lardenne op 2th"]
[Site "?"]
[Date "2014.05.18"]
[Round "1.20"]
[White "Arberet, Quentin"]
[Black "Bachkat, Ali"]
[Result "0-1"]
[WhiteElo "1410"]
[BlackElo "1627"]
[PlyCount "86"]
[EventDate "2014.??.??"]

{509MB, Fritz 14.ctg} 1. d4 Nf6 2. Bf4 c5 3. e3 e6 4. Nf3 Be7 5. Nc3 O-O 6. Bd3
d5 7. O-O c4 8. Be2 Nc6 9. b3 Bb4 10. Na4 c3 11. Qd3 Ne4 12. a3 Ba5 13. b4 Nxb4
14. axb4 Bxb4 15. Ne5 f6 16. Nf3 g5 17. Bg3 b6 18. Ne1 a5 19. Bf3 Nd2 20. Nxc3
Nxf1 21. Na2 Bxe1 22. Rxe1 Nxg3 23. fxg3 f5 24. Rf1 Ba6 25. Qd1 Bxf1 26. Qxf1
Qc7 27. Qd3 Rac8 28. c3 Qc4 29. Qc2 f4 30. Be2 Qc7 31. exf4 gxf4 32. Bg4 fxg3
33. hxg3 Rf6 34. Qd2 Qg7 35. Qe2 Rcf8 36. Bxe6+ Kh8 37. Bh3 Qxg3 38. c4 Rf1+
39. Qxf1 Qe3+ 40. Kh2 Rxf1 41. cxd5 h5 42. d6 h4 43. d7 Qg1# 0-1

[Event "Lardenne op 2th"]
[Site "?"]
[Date "2014.05.18"]
[Round "1.21"]
[White "Lepetit, Fabien"]
[Black "Truchetet, Amaury"]
[Result "1-0"]
[WhiteElo "1617"]
[BlackElo "1410"]
[PlyCount "87"]
[EventDate "2014.??.??"]

{509MB, Fritz 14.ctg} 1. e4 e5 2. Nf3 Nc6 3. Bc4 Nf6 4. d4 Bd6 5. dxe5 Nxe5 6.
Nxe5 Bxe5 7. f4 Bd6 8. e5 Be7 9. exf6 Bxf6 10. Qe2+ Kf8 11. O-O d5 12. Rd1 Be6
13. Bxd5 Bxd5 14. c4 Qe7 15. Qxe7+ Kxe7 16. cxd5 Kd6 17. Nc3 Rhe8 18. Kf2 h6
19. Kf3 Rg8 20. Ne4+ Ke7 21. Nxf6 Kxf6 22. Bd2 Rae8 23. Bc3+ Kf5 24. g4+ Kg6
25. Be5 Re7 26. Rac1 f6 27. Rxc7 Rxc7 28. Bxc7 Kh7 29. d6 g5 30. d7 gxf4 31.
d8=Q Rxd8 32. Bxd8 Kg6 33. Kxf4 b5 34. Rd6 b4 35. Rxf6+ Kg7 36. g5 hxg5+ 37.
Kxg5 b3 38. axb3 a5 39. h4 a4 40. h5 a3 41. h6+ Kh7 42. Rf7+ Kg8 43. Kg6 a2 44.
h7+ 1-0

[Event "Lardenne op 2th"]
[Site "?"]
[Date "2014.05.18"]
[Round "1.22"]
[White "Bartels, Marco"]
[Black "Destic, Pablo"]
[Result "1-0"]
[WhiteElo "1386"]
[BlackElo "1591"]
[PlyCount "47"]
[EventDate "2014.??.??"]

{509MB, Fritz 14.ctg} 1. e4 e5 2. Nc3 Nf6 3. f4 Nc6 4. fxe5 Nxe5 5. d4 Ng6 6.
e5 Ng8 7. Nf3 Bb4 8. Bc4 h6 9. O-O N8e7 10. Ng5 d5 11. exd6 hxg5 12. Bxf7+ Kd7
13. dxe7 Qxe7 14. Bxg6 Qd6 15. Rf7+ Kc6 16. d5+ Kb6 17. Be3+ Ka5 18. Qd3 Qxh2+
19. Kf2 Qh4+ 20. Kf1 Qh1+ 21. Bg1 Bxc3 22. Qxc3+ Ka6 23. Bd3+ b5 24. Qc6+ 1-0

[Event "Lardenne op 2th"]
[Site "?"]
[Date "2014.05.18"]
[Round "1.23"]
[White "Montealegre, Pablo"]
[Black "Donadille, Jean-Claude"]
[Result "1/2-1/2"]
[WhiteElo "1574"]
[BlackElo "1340"]
[PlyCount "106"]
[EventDate "2014.??.??"]

{509MB, Fritz 14.ctg} 1. d4 Nf6 2. c4 e6 3. Nc3 b6 4. e4 d6 5. Bd3 Bb7 6. Nge2
Be7 7. O-O O-O 8. d5 exd5 9. cxd5 Nbd7 10. Nd4 Nc5 11. b4 Nxd3 12. Qxd3 Re8 13.
Bd2 Qd7 14. b5 Ng4 15. f4 Bf8 16. a4 a5 17. Rae1 Nf6 18. Re2 Qd8 19. Rd1 Nd7
20. Bc1 Nf6 21. Nc6 Qc8 22. Ba3 Qg4 23. Qg3 Bc8 24. Rde1 Qxg3 25. hxg3 Nh5 26.
Kf2 Bg4 27. Re3 Nf6 28. e5 dxe5 29. Bxf8 Kxf8 30. fxe5 Nd7 31. e6 fxe6 32. dxe6
Nc5 33. e7+ Kg8 34. Nd5 Ne6 35. Re4 (35. Rxe6 Bxe6 36. Rxe6 Rac8 37. Na7 Ra8
38. Nxc7) 35... h5 36. Ne3 Nc5 37. Rd4 Bd7 38. Rxd7 Nxd7 39. Rd1 Nc5 40. Rd8
Nb7 41. Rd7 Nc5 42. Rxc7 Nxa4 43. Nf5 Rac8 44. Rd7 $4 (44. Rxc8 Rxc8 45. Nd8)
44... Ra8 45. Nd6 Nc5 46. Rc7 a4 47. Nxe8 a3 48. Nb4 (48. Nd6 a2 49. Ra7 Rxa7
50. e8=Q+ Kh7 51. Qxh5+ Kg8 52. Ne7+ Rxe7 (52... Kf8 53. Qf7#) 53. Qd5+) 48...
Rxe8 49. Ra7 Ne4+ 50. Kf3 Nd6 51. Rxa3 Rxe7 52. Nc6 Rf7+ 53. Ke2 Nxb5 1/2-1/2

[Event "Lardenne op 2th"]
[Site "?"]
[Date "2014.05.18"]
[Round "1.24"]
[White "Page, Simon"]
[Black "Laffont, Jean-Christophe"]
[Result "0-1"]
[WhiteElo "1318"]
[BlackElo "1572"]
[PlyCount "37"]
[EventDate "2014.??.??"]

{509MB, Fritz 14.ctg} 1. e4 e5 2. Nf3 Nc6 3. Bc4 Nf6 4. Nc3 Nxe4 5. Bxf7+ Kxf7
6. Nxe4 h6 7. b3 d5 8. Ng3 Be7 9. d3 Rf8 10. h3 Rg8 11. Qe2 Bd6 12. Bb2 Re8 13.
O-O-O d4 14. Qe4 Be6 15. Rhe1 Qf6 16. Nh5 Qf5 17. g4 Qxe4 18. dxe4 Rf8 19. Nh4
0-1

[Event "Lardenne op 2th"]
[Site "?"]
[Date "2014.05.18"]
[Round "1.25"]
[White "Page, Soline"]
[Black "Grimault, Lou"]
[Result "1-0"]
[WhiteElo "1540"]
[BlackElo "1309"]
[PlyCount "55"]
[EventDate "2014.??.??"]

{509MB, Fritz 14.ctg} 1. e4 e6 2. d4 d5 3. Nc3 Bb4 4. e5 f6 5. Nf3 Nc6 6. a3
Ba5 7. b4 Bb6 8. Bb5 Bd7 9. O-O a6 10. Bxc6 Bxc6 11. Be3 Ne7 12. Nh4 O-O 13.
Qg4 Qd7 14. exf6 Rxf6 15. Ne2 Bb5 16. Rfe1 Bxe2 17. Rxe2 Nf5 18. Nxf5 exf5 19.
Qf3 f4 20. Bxf4 Bxd4 21. Rd1 Bb2 22. Qb3 Bxa3 23. Bg5 Rg6 24. Bh4 (24. Rxd5)
24... Qg4 25. Qxd5+ Kf8 26. Be7+ Ke8 27. Bc5+ Qxe2 28. Qd7# 1-0

[Event "Lardenne op 2th"]
[Site "?"]
[Date "2014.05.18"]
[Round "1.26"]
[White "Destic, Elena"]
[Black "De Baralle, Michel"]
[Result "0-1"]
[WhiteElo "1301"]
[BlackElo "1534"]
[PlyCount "66"]
[EventDate "2014.??.??"]

{509MB, Fritz 14.ctg} 1. e4 c5 2. b3 d6 3. Nc3 Nf6 4. Bb2 Nxe4 $4 5. Nxe4 Bf5
6. Qf3 Bg6 7. Nc3 Nc6 8. Bb5 Rc8 9. Bxc6+ Rxc6 10. O-O-O e6 11. Re1 Be7 12.
Nge2 O-O 13. Nf4 Qc8 14. Nxg6 fxg6 15. Qe3 d5 16. d4 cxd4 17. Qxd4 Bf6 18. Qe3
Bxc3 19. Bxc3 Rxc3 20. Qxe6+ Qxe6 21. Rxe6 Rxf2 22. Kd1 Rcxc2 23. Rd6 Rxa2 24.
Ke1 h5 25. Rxd5 Rxg2 26. Rd7 Ra1+ 27. Rd1 Rxd1+ 28. Kxd1 Rb2 29. Kc1 Rf2 30.
Rg1 Rxh2 31. Rxg6 Kf7 32. Rg3 h4 33. Rf3+ Kg6 0-1

[Event "Lardenne op 2th"]
[Site "?"]
[Date "2014.05.18"]
[Round "1.27"]
[White "Bartels, Karina"]
[Black "Grimault, Stephanie"]
[Result "1-0"]
[WhiteElo "1529"]
[BlackElo "1292"]
[PlyCount "77"]
[EventDate "2014.??.??"]

{509MB, Fritz 14.ctg} 1. e4 e6 2. b3 b6 3. Bb2 Bb7 4. Nc3 c5 5. Nf3 Nc6 6. g3
h6 7. Bg2 Nf6 8. Qe2 Rb8 9. O-O-O Be7 10. h3 O-O 11. g4 Qc7 12. g5 Nd4 13. Nxd4
cxd4 14. Nb5 Qe5 15. gxf6 Bxf6 16. Bxd4 Qg5 17. Bxf6 Qxf6 18. e5 Qe7 19. Bxb7
Rxb7 20. Nd6 Rbb8 21. Rhg1 f6 22. f4 a5 23. Qh5 fxe5 24. fxe5 Rf4 25. Qxh6 Rbf8
26. Qg5 Qxg5 27. Rxg5 Rh4 28. Rdg1 Rh7 29. Ne4 Kh8 30. Nd6 Kg8 31. Nc4 Rb8 32.
a3 Kf8 33. h4 a4 34. bxa4 b5 35. axb5 Rxb5 36. d3 Rb7 37. Rf1+ Kg8 38. h5 Ra7
39. Rh1 1-0